000 00919cab a2200385 4500
001 ABS52704
008 090401t1995 xxu||||| |||| 00| 0 eng d
035 _a(Sirsi) u92035
041 _aeng
245 _aFocus `95: London boroughs: north of the Thames
260 _c1995
350 _a0
490 _aEstates Gazette
_v(9517) 29 April 1995, 79-112(16)
650 _aBARKING
650 _aBARNET
650 _aBRENT
650 _aCAMDEN
650 _aCHELSEA
650 _aDOCKLANDS
650 _aEALING
650 _aENFIELD
650 _aHILLINGDON
650 _aHOUNSLOW
650 _aISLINGTON
650 _aKENSINGTON
650 _aLONDON BOROUGHS
650 _aLONDON
650 _aNEWHAM
650 _aREDBRIDGE
650 _aTOWER HAMLETS
650 _aWOODFORD
690 _aPROPERTY-COMMERCIAL PROPERTY-COMMERCIAL PROPERTY MARKET
942 _n0
948 _c04/03/1997
999 _c58370
_d58370